000 01035nem a2200217 i 4500
001 40216
003 ES-MaACL
005 20230906160151.0
007 t|
008 030305s1862 sp | |0|1||spa d
110 2 _aEspaña.
_bDirección General de Correos.
_9160394
245 1 0 _aCarta de Correos y Postas de la provincia de Burgos [
_hMaterial cartográfico] /
_ctrazada por la Dirección General de Corros.
255 _aEscala [1:300.000].
260 _a[Madrid?] :
_bDirección General de Correos,
_c1862.
300 _a1 h. pleg., 1 plano :
_bcol. ;
_c54,5 x 69,5 cm, pleg. en 14 x 10,5 cm.
501 _aEn el plano tabla de signos convencionales de conducciones y límites reflejados en el mapa.
507 _aEscala expresada también en leguas de 20000 pies.
597 _aL a hoja pleg.: º"Lista alfabética correspondiente a la Carta de correos y postas de la provincia de Burgos, con todas las poblaciones que tienen correo diario.
650 4 _aPostas-
_zBurgos-
_vPlanos.
_9160398
852 _aES-MaACL
_jG-13388
999 _c40216
_d40216